Sagaudpaadeeya Kaarikaarthav Vedeeya-Mundakopanishada (Record no. 356498)
[ view plain ]
| 000 -LEADER | |
|---|---|
| fixed length control field | 003840000a22001570004500 |
| 005 - DATE AND TIME OF LATEST TRANSACTION | |
| control field | 20120302062348.0 |
| 040 ## - CATALOGING SOURCE | |
| Original cataloging agency | SAN |
| 100 ## - MAIN ENTRY--PERSONAL NAME | |
| Personal name | Narayan |
| 245 ## - TITLE STATEMENT | |
| Title | Sagaudpaadeeya Kaarikaarthav Vedeeya-Mundakopanishada |
| 260 ## - PUBLICATION, DISTRIBUTION, ETC. (IMPRINT) | |
| Place of publication, distribution, etc | Pune:Aanandashram Mudranaalaya,1982. |
| 365 ## - TRADE PRICE | |
| Price amount | 8/-- |
| 650 ## - SUBJECT ADDED ENTRY--TOPICAL TERM | |
| Topical term or geographic name as entry element | Tatvadnyaan |
| 650 ## - SUBJECT ADDED ENTRY--TOPICAL TERM | |
| Topical term or geographic name as entry element | Upnishada |
| 650 ## - SUBJECT ADDED ENTRY--TOPICAL TERM | |
| Topical term or geographic name as entry element | Mundakopanishada |
| 942 ## - ADDED ENTRY ELEMENTS (KOHA) | |
| Koha item type | Book |
| Withdrawn status | Lost status | Damaged status | Not for loan | Home library | Current library | Date acquired | Total Checkouts | Barcode | Date last seen | Price effective from |
|---|---|---|---|---|---|---|---|---|---|---|
| Institute For Oriental Study, Thane | Institute For Oriental Study, Thane | 12/02/2009 | IOS-17559 | 12/02/2009 | 12/02/2009 |